00517 a2200145 4500040001300000082001200013100003400025245006500059260003800124300000900162650002400171942002500195999001500220952013600235 aDLCbDLC a297.124 aBukhari, Muhammad Bin Ismaiel aSahih Bukhari Sharif (Vol III)cMuhammad Bin Ismaiel Bukhari aLahore:bMuktaba Rehmania,c1999. a1100 aHadith (Collection) cBKk297.124 BUK2ddc c9666d9666 001040708NFICaNLSbNLScGENd2005-08-20eAcademic Book companyg731.00m2o297.124 BUKpSEECS006330r2021-10-25w2017-01-05yBK